000 00771nam a2200241Ia 4500
003 OSt
005 20220923220520.0
006 a|||||r|||| 00| 0
007 ta
008 220922b |||||||| |||| 00| 0 hin d
024 _a187,289
037 _cTextual
040 _aARTS
_cARTS
_bhin
041 _2hin
_ahin
082 _aWv2.D, 152L3
100 _aघिल्डियाल, अच्युतानन्द
245 0 _aप्राचीन भारतीय आर्थिक विचारक
246 _aPrāchīn bhāratīya ārthik vichāraka
250 _aसंस्क0 2
260 _c1973
942 _hWv2.D, 152L3
_cTEXL
_2CC
999 _c340366
_d340366